000 01109nam a22003257a 4500
001 BR7909073
003 BR-BrBNA
005 20230928090429.0
007 ta
008 230509b bl.||||| |||| 00| 0 por d
040 _aBR-BrBNA
_bpor
_cBiblioteca Nacional de Agricultura
041 _a(Por)
072 _aM10
_b8105
_b/G514
090 _ 8105 BR7909073
100 1 _aMonteiro, J.L.C.
100 1 _aSilva, O.P. da
100 1 _aLima, R.C.
110 1 _aComissao Executiva do Plano da Lavoura Cacaueira, Ilheus, BA (Brasil);
_92106
110 1 _aDepartamento Nacional de Obras Contra as Secas, Salvador, BA (Brasil). 4. Diretoria Regional
_93326
245 1 _aRelacao entre captura total (Kg)e esforco total (no. de licencas das especies existentes)no acude publico "Romulo Campos" Itiuba, Bahia, Brasil, no periodo de 1966 a 1977
260 3 _aIlheus, BA (Brasil):
_c1979.
300 _a12 p.
500 _a7 ref.; Summaries (Eng, Por)
650 _aPEIXE DE AGUA DOCE
650 _aCAPTURA
650 _aACUDE
650 _aBAHIA
909 _a202309
_bLucia
_c55
_dLucia Elande
942 _cBK
999 _c28809
_d28809